LEADER 01002nam0 22003011i 450 001 RML0266928 005 20231121125723.0 100 $a20121121d1983 ||||0itac50 ba 101 | $aita 102 $ait 181 1$6z01$ai $bxxxe 182 1$6z01$an 200 1 $aJean-Paul Sartre$fdi Gianfranco Rubino 210 $a[Firenze] $cLa Nuova Italia $d1983 215 $a164 p.$d17 cm 225 | $a˜Il œcastoro $v195 410 0$1001RML0330537$12001 $a˜Il œcastoro $v195 606 $aSartre, Jean Paul$2FIR$3RMLC012989$9I 676 $a848.91209$9$v20 700 1$aRubino$b, Gianfranco$3RMLV171884$0151937 801 3$aIT$bIT-01$c20121121 850 $aIT-FR0017 899 $aBiblioteca umanistica Giorgio Aprea$bFR0017 912 $aRML0266928 950 0$aBiblioteca umanistica Giorgio Aprea$d 52MAG 1 COLL E 195$e 52DUP0009015445 VMB RS $fA $h20181127$i20181127 977 $a 52 996 $aJean Paul Sartre$9150389 997 $aUNICAS